000 00612nam a2200193 i 4500
001 116172
003 ES-MaACL
005 20240202063019.0
007 t|
008 061121s1914 sp r ||||1| spa d
080 _a73 Mena, Pedro de
100 1 _aOrueta, Ricardo de,
_d1868-1939
_987695
245 1 3 _aLa vida y la obra de Pedro de Mena y Medrano /
_cpor Ricardo de Orueta y Duarte.
260 _aMadrid :
_b[s.n.],
_c1914 (
_fImp. Blass y Cía)
300 _a340 p., 8 lám. ;
_c28 cm.
600 1 4 _aMena, Pedro de (
_d1628-1688)
_9153848
852 _aES-MaACL
_jF-270
999 _c116172
_d116172